|
|
|
|
| LEADER |
00000nam a22000005a 4500 |
| 001 |
5570 |
| 003 |
CL-ChBUA |
| 005 |
20120815102923.0 |
| 008 |
070301s1991 sp 000 0 spa |
| 020 |
|
|
|a 8425416108
|
| 040 |
|
|
|a CL-ChBUA
|c CL-ChBUA
|
| 082 |
0 |
0 |
|a 616.891
|
| 090 |
|
|
|c 5570
|d 5570
|
| 100 |
1 |
|
|a Frankl, Viktor E.
|
| 245 |
1 |
0 |
|a La voluntad de sentido :
|b Conferencias escogidas sobre logoterapia
|
| 250 |
|
|
|a 2ª ed.
|
| 260 |
|
|
|b Herder.
|c 1991.
|
| 300 |
|
|
|a 300 p.
|c 22 cm.
|
| 504 |
|
|
|a Indice.
|
| 650 |
|
4 |
|a PSICOTERAPIA - CONGRESOS- CONFERENCIAS.
|
| 942 |
|
|
|c LIB
|
| 952 |
|
|
|0 0
|1 0
|4 0
|7 0
|9 8286
|a UNACH
|b UNACH
|c 600
|d 2007-03-05
|i 30.374.
|l 2
|m 4
|o 616.891 4 / F 831v.
|p 9285
|r 2025-06-10 15:25:45
|s 2025-05-29
|u 8286
|w 2012-08-08
|y LIB
|k 616.891 4 / F 831v.
|
| 999 |
|
|
|c 5570
|d 5570
|